2019/2020 UEFA Europa League teams (all phases) - Statistics

General Stats
  • This quiz has been taken 3 times
  • The average score is 33 of 213
Answer Stats
Eliminated in: Country Club % Correct
round of 32 Netherlands Ajax
100%
round of 32 England Arsenal
100%
final Italy Inter Milan
100%
fourth qualifying round Greece AEK Athens
67%
round of 16 Italy AS Roma
67%
round of 32 Netherlands AZ Alkmaar
67%
quarter finals Germany Bayer Leverkusen
67%
round of 32 Portugal Benfica
67%
round of 32 Scotland Celtic
67%
round of 32 Belgium Club Brugge
67%
round of 32 Spain Espanyol
67%
quarter finals Denmark FC Copenhagen
67%
round of 32 Portugal FC Porto
67%
fourth qualifying round Romania FCSB
67%
group stage - H3 Hungary Ferencvaros
67%
round of 16 Spain Getafe
67%
fourth qualifying round Poland Legia Warsaw
67%
round of 32 Sweden Malmo FF
67%
semi finals England Manchester United
67%
round of 16 Greece Olympiacos
67%
round of 16 Scotland Rangers
67%
semi finals Ukraine Shakhtar Donetsk
67%
group stage - K3 Slovakia Slovan Bratislava
67%
quarter finals England Wolves
67%
third qualifying round Cyprus AEK Larnaca
33%
fourth qualifying round Sweden AIK
33%
round of 32 Cyprus APOEL
33%
third qualifying round Austria Austria Wien
33%
group stage - K4 Turkey Besiktas
33%
group stage - J3 Germany Borussia Monchengladbach
33%
third qualifying round Denmark Brondby
33%
round of 32 Romania CFR Cluj
33%
first qualifying round Poland Cracovia
33%
group stage - H4 Russia CSKA Moscow
33%
third qualifying round Bulgaria CSKA Sofia
33%
group stage - B3 Ukraine Dinamo Kyiv
33%
first qualifying round Belarus Dinamo Minsk
33%
group stage - A4 Luxembourg Dudelange
33%
third qualifying round Ireland Dundalk
33%
round of 16 Germany Eintracht Frankfurt
33%
group stage - L4 Kazakhstan FC Astana
33%
quarter finals Switzerland FC Basel
33%
group stage - G4 Netherlands Feyenoord
33%
first qualifying round Croatia Hajduk Split
33%
round of 32 Belgium KAA Gent
33%
group stage - C3 Russia Krasnodar
33%
group stage - E3 Italy Lazio
33%
second qualifying round Poland Lechia Gdansk
33%
group stage - B4 Switzerland Lugano
33%
second qualifying round Israel Maccabi Haifa
33%
third qualifying round Israel Maccabi Tel Aviv
33%
fourth qualifying round Greece PAOK Thessaloniki
33%
group stage - L3 Serbia Partizan
33%
second qualifying round Poland Piast Gliwice
33%
group stage - D3 Netherlands PSV
33%
group stage - A3 Azerbaijan Qarabag FK
33%
fourth qualifying round Croatia Rijeka
33%
group stage - D4 Norway Rosenborg
33%
group stage - I3 France Saint Etienne
33%
champion Spain Sevilla FC
33%
second qualifying round Ireland Shamrock Rovers
33%
third qualifying round Czechia Sparta Prague
33%
round of 32 Portugal Sporting CP
33%
group stage - F3 Belgium Standard Liege
33%
fourth qualifying round France Strasbourg
33%
group stage - C4 Turkey Trabzonspor
33%
preliminary round San Marino Tre Fiori
33%
round of 16 Germany VfL Wolfsburg
33%
group stage - F4 Portugal Vitoria Guimaraes
33%
group stage - J4 Austria Wolfsberger AC
33%
group stage - G3 Switzerland Young Boys
33%
third qualifying round Scotland Aberdeen
0%
second qualifying round Cyprus AEL Limassol
0%
second qualifying round Armenia Alashkert
0%
fourth qualifying round Cyprus Apollon
0%
fourth qualifying round Armenia Ararat-Armenia
0%
third qualifying round Greece Aris Thessaloniki
0%
second qualifying round Russia Arsienal Tula
0%
third qualifying round Greece Atromitos
0%
first qualifying round Faroe Islands B36 Torshavn
0%
first qualifying round Northern Ireland Ballymena
0%
first qualifying round Malta Balzan
0%
preliminary round Wales Barry
0%
round of 16 Turkey Basaksehir
0%
fourth qualifying round Belarus BATE
0%
second qualifying round Sweden BK Hacken
0%
fourth qualifying round Israel Bnei Yehuda
0%
first qualifying round Iceland Breidablik
0%
first qualifying round Macedonia Brera Strumica
0%
second qualifying round Montenegro Buducnost
0%
preliminary round Wales Cardiff Metropolitan
0%
second qualifying round Georgia Chikhura
0%
first qualifying round Northern Ireland Cliftonville
0%
second qualifying round Wales Connah's Q.
0%
first qualifying round Ireland Cork City
0%
second qualifying round Northern Ireland Crusaders
0%
second qualifying round Serbia Cukaricki
0%
second qualifying round Hungary Debrecen
0%
third qualifying round Georgia Dinamo Tbilisi
0%
second qualifying round Slovenia Domzale
0%
second qualifying round Slovakia Dunajska Streda
0%
second qualifying round Denmark Esbjerg
0%
first qualifying round Gibraltar Europa FC
0%
second qualifying round Kosovo Faronikeli
0%
third qualifying round Switzerland FC Luzern
0%
third qualifying round Denmark FC Midtjylland
0%
second qualifying round Andorra FC Santa Coloma
0%
third qualifying round Switzerland FC Thun
0%
first qualifying round Kazakhstan FC Tobol
0%
second qualifying round Netherlands FC Utrecht
0%
third qualifying round Liechtenstein FC Vaduz
0%
second qualifying round Latvia FK Liepaja
0%
group stage - I4 Ukraine FK Oleksandriya
0%
second qualifying round Kazakhstan FK Ordabasy
0%
third qualifying round Bosnia and Herzegovina FK Sarajevo
0%
first qualifying round Belarus FK Vitebsk
0%
second qualifying round Estonia Flora
0%
first qualifying round Luxembourg Fola
0%
second qualifying round Azerbaijan Gabala
0%
second qualifying round Malta Gzira
0%
fourth qualifying round Israel Hapoel Beer Sheva
0%
third qualifying round Norway Haugesund
0%
second qualifying round Faroe Islands HB Torshavn
0%
first qualifying round Malta Hibernians
0%
third qualifying round Finland HJK Helsinki
0%
second qualifying round Hungary Honved
0%
third qualifying round Georgia Iberia 1999
0%
first qualifying round Finland Inter Turku
0%
second qualifying round Czechia Jablonec
0%
second qualifying round Luxembourg Jeunesse Esch
0%
second qualifying round Kazakhstan Kairat Almaty
0%
third qualifying round Estonia Kalju
0%
first qualifying round Lithuania Kauno Zalgiris
0%
preliminary round Kosovo KF Prishtina
0%
second qualifying round Faroe Islands KI Klaksvik
0%
first qualifying round Scotland Kilmarnock
0%
first qualifying round Iceland KR Reykjavik
0%
first qualifying round Albania Kukesi
0%
second qualifying round Finland KuPS
0%
first qualifying round Albania Laci
0%
preliminary round San Marino La Fiorita
0%
round of 16 Austria LASK Linz
0%
first qualifying round Estonia Levadia
0%
second qualifying round Bulgaria Levski Sofia
0%
second qualifying round Gibraltar Lincoln Red Imps
0%
fourth qualifying round Northern Ireland Linfield
0%
third qualifying round Bulgaria Lokomotiv Plovdiv
0%
round of 32 Bulgaria Ludogorets Razgrad
0%
first qualifying round Macedonia Makedonija GP
0%
fourth qualifying round Slovenia Maribor
0%
third qualifying round Ukraine Mariupol
0%
first qualifying round Slovakia MFK Ruzomberok
0%
first qualifying round Moldova Milsami
0%
third qualifying round Czechia Mlada Boleslav
0%
fourth qualifying round Norway Molde
0%
first qualifying round Slovenia Mura
0%
first qualifying round Estonia Narva
0%
third qualifying round Azerbaijan Neftci Baku
0%
second qualifying round Luxembourg Niedercorn
0%
third qualifying round Sweden Norrkoping
0%
preliminary round Faroe Islands NSI Runavik
0%
second qualifying round Slovenia Olimpija Ljubljana
0%
second qualifying round Croatia Osijek
0%
second qualifying round Albania Partizani
0%
first qualifying round Moldova Petrocub
0%
third qualifying round Armenia Pyunik Yerevan
0%
first qualifying round Serbia Radnicki Nis
0%
first qualifying round Bosnia and Herzegovina Radnik Bijeljina
0%
round of 32 Austria RB Salzburg
0%
first qualifying round Latvia RFS
0%
fourth qualifying round Latvia Riga FC
0%
first qualifying round Lithuania Riteriai
0%
first qualifying round Finland Rovaniemi
0%
fourth qualifying round Belgium Royal Antwerp
0%
first qualifying round Azerbaijan Sabail
0%
preliminary round Andorra Sant Julia
0%
round of 32 Portugal SC Braga
0%
third qualifying round Belarus Shakhtyor Soligorsk
0%
third qualifying round Moldova Sheriff Tiraspol
0%
second qualifying round Macedonia Shkendija
0%
first qualifying round Macedonia Shkupi
0%
first qualifying round Bosnia and Herzegovina Siroki Brijeg
0%
first qualifying round Norway SK Brann
0%
fourth qualifying round Russia Spartak Moscow
0%
second qualifying round Slovakia Spartak Trnava
0%
first qualifying round Moldova Speranta Nisporeni
0%
group stage - E4 France Stade Rennais
0%
second qualifying round Iceland Stjarnan
0%
first qualifying round Gibraltar St Josephs
0%
first qualifying round Ireland St. Patricks
0%
second qualifying round Austria Sturm Graz
0%
fourth qualifying round Lithuania Suduva
0%
third qualifying round Montenegro Sutjeska
0%
first qualifying round Albania Teuta
0%
third qualifying round Wales The New Saints
0%
first qualifying round Montenegro Titograd
0%
fourth qualifying round Italy Torino
0%
first qualifying round Georgia Torpedo Kutaisi
0%
second qualifying round San Marino Tre Penne
0%
first qualifying round Andorra UE Endorgany
0%
third qualifying round Romania Universitatea Craiova
0%
first qualifying round Armenia Urartu
0%
third qualifying round Malta Valletta
0%
second qualifying round Iceland Valur
0%
third qualifying round Latvia Ventspils
0%
second qualifying round Hungary Videoton
0%
second qualifying round Romania Viitorul Constanta
0%
third qualifying round Czechia Viktoria Plzen
0%
third qualifying round Turkey Yeli Malatyaspor
0%
first qualifying round Lithuania Zalgiris Vilnius
0%
first qualifying round Montenegro Zeta
0%
fourth qualifying round Ukraine Zorya Lugansk
0%
third qualifying round Bosnia and Herzegovina Zrinjski Mostar
0%
No matching quizzes found
Score Distribution
Percent of People with Each Score
Percentile by Number Answered
Your Score History
You have not taken this quiz